| 000 | 00827nam a2200253Ia 4500 | ||
|---|---|---|---|
| 003 | OSt | ||
| 005 | 20220923225532.0 | ||
| 006 | a|||||r|||| 00| 0 | ||
| 007 | ta | ||
| 008 | tam | ||
| 024 | _a270,613 | ||
| 037 | _cTextual | ||
| 040 |
_aARTS _cARTS _btam |
||
| 041 |
_2tam _atam |
||
| 082 | _aO31,1xN, 152M5 | ||
| 100 |
_aमाधवराव _9156280 |
||
| 245 | 0 |
_aशब्द से शताब्दी तक _b आन्ध्र के तेलुगु कविताओं का संकल्प |
|
| 246 | _aShabda se shatābdī taka: āndhra ke telugu kavitāoan kā sankalpa | ||
| 260 | _c1985 | ||
| 650 | _a तमिल साहित्य | ||
| 650 | _aतमिल कविता | ||
| 942 |
_hO31,1xN, 152M5 _cTEXL _2CC |
||
| 999 |
_c378917 _d378917 |
||